00615cam a22002171 450000100060000000300080000600500170001400800410003103500190007204000310009104100080012208200240013010000240015424500790017825000120025726000350026930000320030450000190033665000160035570000260037152067BD-RjUL20211209075741.0140522s1953 uk 000 0 eng  a(BD-RjUL)52187 aDLCcOYUdUkdDLCbBD-RjUL aeng a519.5bMII 1974223 aMian, Muhammad Ali 13aAn introduction to statistics /cMuhammad Ali Mian and Md. Alimullah Miyan a3rd ed. aDacca :bIdeal library ;c1974 ax, 708 p. :bill. ;c23 cm. aIncludes Index 0aStatistics. aMiyan, Md. Alimullah